Literatura teològica llatinoamericana 1992-1994
Gorde:
| Egile nagusia: | |
|---|---|
| Formatua: | Liburua |
| Hizkuntza: | katalana gaztelania portugesa |
| Argitaratua: |
Barcelona
Facultat de Teologia de Catalunya
1996
|
| Saila: | Suplement, 1
|
| Gaiak: | |
| Etiketak: |
Etiketa erantsi
Etiketarik gabe, Izan zaitez lehena erregistro honi etiketa jartzen!
|
MARC
| LEADER | 00000nam a2200000 a 4500 | ||
|---|---|---|---|
| 001 | UCN8068 | ||
| 003 | CL-VaPUC | ||
| 008 | 011026e19960000SP |||||||||||||||||cat|d | ||
| 041 | 0 | 7 | |a cat |2 CL-VaPUC |
| 041 | 0 | 7 | |a spa |2 CL-VaPUC |
| 041 | 0 | 7 | |a por |2 CL-VaPUC |
| 082 | 0 | 4 | |a 016.23 |b BEN |2 21 |
| 100 | |a Bentué, Antonio |e autor |9 598242 | ||
| 245 | 1 | 0 | |a Literatura teològica llatinoamericana 1992-1994 |
| 300 | |a 138 p | ||
| 942 | |c BK | ||
| 945 | |d 20011026 00:00:00 |a crobeson | ||
| 260 | |a Barcelona |b Facultat de Teologia de Catalunya |c 1996 | ||
| 650 | 7 | |a TEOLOGIA - CATALOGOS |2 CL-VaPUC |9 464264 | |
| 651 | 0 | |a América Latina |9 255027 | |
| 583 | |a last modification |c 20011026 00:00:00 |k Rodrigo Vera | ||
| 490 | 0 | |a Suplement, 1 | |
| 999 | |c 298131 |d 298129 | ||
| 952 | |0 0 |1 2 |4 0 |6 016_230000000000000_BEN_1996 |7 0 |8 A |9 353492 |a BIBTEO |b BIBTEO |d 2019-11-21 |i 3745708 |o 016.23 BEN 1996 |p 3745708 |r 2019-11-21 |w 2019-11-21 |x Descarte 2019 |y BK |k ICR | ||